{"text_format":"3","workbook":"xlsx","n_sheets":1,"sheets":["t625"],"read":"whole","date_system":"1900"}

{"sheet":"t625","index":0,"n_rows":211,"n_cols":7,"rows_kept":211,"merged":[[0,0,0,6],[30,0,30,5],[51,0,51,5],[157,0,157,5]]}
["TABELA 625.1 - Estatísticas Agrícolas, Município de Vargem Grande do Sul, Estado de São Paulo, 2007/08."]
["ITEM","UNIDADE","N.DE UPAs","MÍNIMO","MÉDIO","MÁXIMO","TOTAL"]
["Distância à sede do município","km",571,0.5,{"v":8.17,"d":"8.2"},{"v":23,"d":"23.0"},"-"]
["Área total","hectare",571,0.4,{"v":47.27,"d":"47.3"},{"v":1647,"d":"1,647.0"},{"v":26993.9,"d":"26,993.9"}]
["Área com cultura perene","hectare",102,0.1,{"v":12.44,"d":"12.4"},{"v":190,"d":"190.0"},{"v":1268.8,"d":"1,268.8"}]
["Área com cultura temporária","hectare",298,0.1,{"v":41.45,"d":"41.5"},{"v":1437,"d":"1,437.0"},{"v":12353.5,"d":"12,353.5"}]
["Área com pastagem","hectare",458,0.1,{"v":20.93,"d":"20.9"},861.2,{"v":9585.6,"d":"9,585.6"}]
["Área com reflorestamento","hectare",116,0.1,{"v":6.19,"d":"6.2"},140.4,718.3]
["Área com vegetação natural","hectare",252,0.1,{"v":6.51,"d":"6.5"},114.9,{"v":1640.9,"d":"1,640.9"}]
["Área com vegetação de brejo e várzea","hectare",10,0.4,{"v":10.09,"d":"10.1"},{"v":60,"d":"60.0"},100.9]
["Área em descanso","hectare",9,0.5,{"v":12.38,"d":"12.4"},43.5,111.4]
["Área complementar","hectare",506,0.1,2.4,{"v":150,"d":"150.0"},{"v":1214.5,"d":"1,214.5"}]
["Área das UPAs com (0, 1] ha","hectare",5,0.4,{"v":0.68,"d":"0.7"},{"v":1,"d":"1.0"},3.4]
["Área das UPAs com (1, 2] ha","hectare",19,1.2,{"v":1.62,"d":"1.6"},{"v":2,"d":"2.0"},30.7]
["Área das UPAs com (2, 5] ha","hectare",86,2.1,{"v":3.64,"d":"3.6"},4.8,312.8]
["Área das UPAs com (5, 10] ha","hectare",116,5.1,{"v":7.38,"d":"7.4"},{"v":10,"d":"10.0"},856.3]
["Área das UPAs com (10, 20] ha","hectare",108,10.1,{"v":14.31,"d":"14.3"},19.9,{"v":1545.8,"d":"1,545.8"}]
["Área das UPAs com (20, 50] ha","hectare",111,20.4,{"v":31.68,"d":"31.7"},48.4,{"v":3516,"d":"3,516.0"}]
["Área das UPAs com (50, 100] ha","hectare",66,50.2,{"v":72.33,"d":"72.3"},{"v":100,"d":"100.0"},{"v":4773.5,"d":"4,773.5"}]
["Área das UPAs com (100, 200] ha","hectare",38,105.5,{"v":143.21,"d":"143.2"},199.3,{"v":5441.8,"d":"5,441.8"}]
["Área das UPAs com (200, 500] ha","hectare",16,203.2,{"v":294.79,"d":"294.8"},{"v":492,"d":"492.0"},{"v":4716.6,"d":"4,716.6"}]
["Área das UPAs com (500, 1.000] ha","hectare",3,522.7,629.5,813.8,{"v":1888.5,"d":"1,888.5"}]
["Área das UPAs com (1.000, 2.000] ha","hectare",3,{"v":1036.6,"d":"1,036.6"},{"v":1302.83,"d":"1,302.8"},{"v":1647,"d":"1,647.0"},{"v":3908.5,"d":"3,908.5"}]
["Área das UPAs com (2.000, 5.000] ha","hectare","-","-","-","-","-"]
["Área das UPAs com (5.000, 10.000] ha","hectare","-","-","-","-","-"]
["Área das UPAs acima de 10.000 ha","hectare","-","-","-","-","-"]
["Familiares do proprietário que trabalham na UPA","unidade",459,{"v":1,"d":"1.0"},{"v":1.44,"d":"1.4"},{"v":10,"d":"10.0"},{"v":663,"d":"663.0"}]
["Trabalhadores permanentes","unidade",214,{"v":1,"d":"1.0"},{"v":2.05,"d":"2.1"},{"v":35,"d":"35.0"},{"v":439,"d":"439.0"}]
["Fonte: Secretaria de Agricultura e Abastecimento, CDRS/IEA, Projeto LUPA."]
[]
["TABELA 625.2 - Explorações Animais, Município de Vargem Grande do Sul, Estado de São Paulo, 2007/08."]
["ITEM","UNIDADE","N.DE UPAs","MÍNIMO","MÉDIO","MÁXIMO","TOTAL"]
["Apicultura","colmeias",2,{"v":5,"d":"5.0"},5.5,{"v":6,"d":"6.0"},{"v":11,"d":"11.0"}]
["Asininos E Muares","cabeças",106,{"v":1,"d":"1.0"},{"v":2.75,"d":"2.8"},{"v":50,"d":"50.0"},{"v":292,"d":"292.0"}]
["Avicultura de Corte","cabeças/ano",19,{"v":10,"d":"10.0"},{"v":4269.47,"d":"4,269.5"},{"v":80000,"d":"80,000.0"},{"v":81120,"d":"81,120.0"}]
["Avicultura para Ovos","cabeças",27,{"v":2,"d":"2.0"},{"v":54.07,"d":"54.1"},{"v":200,"d":"200.0"},{"v":1460,"d":"1,460.0"}]
["Bovinocultura de Corte","cabeças",30,{"v":5,"d":"5.0"},{"v":133.93,"d":"133.9"},{"v":1867,"d":"1,867.0"},{"v":4018,"d":"4,018.0"}]
["Bovinocultura Leiteira","cabeças",8,{"v":30,"d":"30.0"},{"v":206.88,"d":"206.9"},{"v":600,"d":"600.0"},{"v":1655,"d":"1,655.0"}]
["Bovinocultura Mista","cabeças",333,{"v":1,"d":"1.0"},{"v":25.01,"d":"25.0"},{"v":718,"d":"718.0"},{"v":8329,"d":"8,329.0"}]
["Bubalinocultura","cabeças",2,{"v":6,"d":"6.0"},{"v":70,"d":"70.0"},{"v":134,"d":"134.0"},{"v":140,"d":"140.0"}]
["Capivaras (Criadouro)","cabeças",1,{"v":200,"d":"200.0"},{"v":200,"d":"200.0"},{"v":200,"d":"200.0"},{"v":200,"d":"200.0"}]
["Caprinocultura","cabeças",3,{"v":9,"d":"9.0"},{"v":26.33,"d":"26.3"},{"v":50,"d":"50.0"},{"v":79,"d":"79.0"}]
["Carcinocultura","pós-larvas",1,{"v":2,"d":"2.0"},{"v":2,"d":"2.0"},{"v":2,"d":"2.0"},{"v":2,"d":"2.0"}]
["Equinocultura","cabeças",226,{"v":1,"d":"1.0"},{"v":4.44,"d":"4.4"},{"v":40,"d":"40.0"},{"v":1004,"d":"1,004.0"}]
["Minhocultura","canteiros",1,{"v":14,"d":"14.0"},{"v":14,"d":"14.0"},{"v":14,"d":"14.0"},{"v":14,"d":"14.0"}]
["Outra Exploração Animal","cabeças",2,{"v":4,"d":"4.0"},9.5,{"v":15,"d":"15.0"},{"v":19,"d":"19.0"}]
["Ovinocultura","cabeças",5,{"v":8,"d":"8.0"},31.6,{"v":50,"d":"50.0"},{"v":158,"d":"158.0"}]
["Piscicultura","m² tanques",2,{"v":3800,"d":"3,800.0"},{"v":7400,"d":"7,400.0"},{"v":11000,"d":"11,000.0"},{"v":14800,"d":"14,800.0"}]
["Suinocultura","cabeças",30,{"v":1,"d":"1.0"},31.7,{"v":300,"d":"300.0"},{"v":951,"d":"951.0"}]
["Fonte: Secretaria de Agricultura e Abastecimento, CDRS/IEA, Projeto LUPA."]
[]
["TABELA 625.3 -  Máquinas, Implementos e Benfeitorias, Município de Vargem Grande do Sul, Estado de São Paulo, 2007/08."]
["ITEM","UNIDADE","N.DE UPAs","MÍNIMO","MÉDIO","MÁXIMO","TOTAL"]
["Arado Comum (Bacia, Aiveca)","Unidade",151,{"v":1,"d":"1.0"},1.3,{"v":6,"d":"6.0"},{"v":197,"d":"197.0"}]
["Arado Escarificador","Unidade",8,{"v":1,"d":"1.0"},{"v":1.13,"d":"1.1"},{"v":2,"d":"2.0"},{"v":9,"d":"9.0"}]
["Arado Subsolador","Unidade",7,{"v":1,"d":"1.0"},{"v":1.14,"d":"1.1"},{"v":2,"d":"2.0"},{"v":8,"d":"8.0"}]
["Batedeira de Cereais","Unidade",31,{"v":1,"d":"1.0"},{"v":1.06,"d":"1.1"},{"v":2,"d":"2.0"},{"v":33,"d":"33.0"}]
["Câmara Fria","Unidade",2,{"v":1,"d":"1.0"},1.5,{"v":2,"d":"2.0"},{"v":3,"d":"3.0"}]
["Colhedeira Acoplada","Unidade",10,{"v":1,"d":"1.0"},1.1,{"v":2,"d":"2.0"},{"v":11,"d":"11.0"}]
["Colhedeira Automotriz","Unidade",13,{"v":1,"d":"1.0"},{"v":1.54,"d":"1.5"},{"v":5,"d":"5.0"},{"v":20,"d":"20.0"}]
["Conj.Irrigação Autopropelido","Unidade",2,{"v":1,"d":"1.0"},{"v":1,"d":"1.0"},{"v":1,"d":"1.0"},{"v":2,"d":"2.0"}]
["Conj.Irrigação Convencional","Unidade",107,{"v":1,"d":"1.0"},{"v":1.18,"d":"1.2"},{"v":7,"d":"7.0"},{"v":126,"d":"126.0"}]
["Conj.Irrigação Pivot Central","Unidade",24,{"v":1,"d":"1.0"},1.5,{"v":7,"d":"7.0"},{"v":36,"d":"36.0"}]
["Conj.Irrigação/Gotejamento/Microaspersão","Unidade",1,{"v":1,"d":"1.0"},{"v":1,"d":"1.0"},{"v":1,"d":"1.0"},{"v":1,"d":"1.0"}]
["Conjunto de Fenação","Unidade",2,{"v":2,"d":"2.0"},{"v":2,"d":"2.0"},{"v":2,"d":"2.0"},{"v":4,"d":"4.0"}]
["Desintegrador, Picador, Triturador","Unidade",256,{"v":1,"d":"1.0"},{"v":1.29,"d":"1.3"},{"v":4,"d":"4.0"},{"v":329,"d":"329.0"}]
["Distribuidor de Calcário","Unidade",35,{"v":1,"d":"1.0"},{"v":1.06,"d":"1.1"},{"v":2,"d":"2.0"},{"v":37,"d":"37.0"}]
["Ensiladeira","Unidade",44,{"v":1,"d":"1.0"},{"v":1.41,"d":"1.4"},{"v":4,"d":"4.0"},{"v":62,"d":"62.0"}]
["Grade Aradora (Tipo Romi)","Unidade",29,{"v":1,"d":"1.0"},{"v":1.14,"d":"1.1"},{"v":2,"d":"2.0"},{"v":33,"d":"33.0"}]
["Grade Niveladora","Unidade",150,{"v":1,"d":"1.0"},{"v":1.22,"d":"1.2"},{"v":5,"d":"5.0"},{"v":183,"d":"183.0"}]
["Implementos para Tração Animal","Unidade",12,{"v":1,"d":"1.0"},1.5,{"v":2,"d":"2.0"},{"v":18,"d":"18.0"}]
["Microtrator","Unidade",2,{"v":1,"d":"1.0"},{"v":1,"d":"1.0"},{"v":1,"d":"1.0"},{"v":2,"d":"2.0"}]
["Misturador de Ração","Unidade",16,{"v":1,"d":"1.0"},{"v":1,"d":"1.0"},{"v":1,"d":"1.0"},{"v":16,"d":"16.0"}]
["Ordenhadeira Mecânica","Unidade",32,{"v":1,"d":"1.0"},{"v":1.19,"d":"1.2"},{"v":4,"d":"4.0"},{"v":38,"d":"38.0"}]
["Pulverizador Tratorizado","Unidade",76,{"v":1,"d":"1.0"},{"v":1.17,"d":"1.2"},{"v":4,"d":"4.0"},{"v":89,"d":"89.0"}]
["Resfriador de Leite, Tanque Expansão","Unidade",51,{"v":1,"d":"1.0"},{"v":1.18,"d":"1.2"},{"v":3,"d":"3.0"},{"v":60,"d":"60.0"}]
["Semeadeira/Adubadeira para Plantio Convencional","Unidade",74,{"v":1,"d":"1.0"},{"v":1.11,"d":"1.1"},{"v":4,"d":"4.0"},{"v":82,"d":"82.0"}]
["Semeadeira/Plantadeira Plantio Direto","Unidade",18,{"v":1,"d":"1.0"},{"v":1.22,"d":"1.2"},{"v":3,"d":"3.0"},{"v":22,"d":"22.0"}]
["Terraceador","Unidade",1,{"v":1,"d":"1.0"},{"v":1,"d":"1.0"},{"v":1,"d":"1.0"},{"v":1,"d":"1.0"}]
["Trator de Esteiras","Unidade",2,{"v":1,"d":"1.0"},{"v":1,"d":"1.0"},{"v":1,"d":"1.0"},{"v":2,"d":"2.0"}]
["Trator de Pneus","Unidade",176,{"v":1,"d":"1.0"},{"v":1.73,"d":"1.7"},{"v":15,"d":"15.0"},{"v":305,"d":"305.0"}]
["Açude/Represa","Unidade",315,{"v":1,"d":"1.0"},{"v":1.85,"d":"1.9"},{"v":18,"d":"18.0"},{"v":582,"d":"582.0"}]
["Almoxarifado/Oficina","Unidade",18,{"v":1,"d":"1.0"},{"v":1.06,"d":"1.1"},{"v":2,"d":"2.0"},{"v":19,"d":"19.0"}]
["Armazém para Grãos Ensacados","Sacas",19,{"v":1,"d":"1.0"},{"v":3121.53,"d":"3,121.5"},{"v":30000,"d":"30,000.0"},{"v":59309,"d":"59,309.0"}]
["Balança para Bovinos","Unidade",5,{"v":1,"d":"1.0"},1.2,{"v":2,"d":"2.0"},{"v":6,"d":"6.0"}]
["Balança para Veículos","Unidade",4,{"v":1,"d":"1.0"},{"v":2,"d":"2.0"},{"v":5,"d":"5.0"},{"v":8,"d":"8.0"}]
["Barracão para Granja/Avicultura","Unidade",10,{"v":1,"d":"1.0"},1.8,{"v":4,"d":"4.0"},{"v":18,"d":"18.0"}]
["Barracão/Galpão/Garagem","Unidade",287,{"v":1,"d":"1.0"},{"v":1.28,"d":"1.3"},{"v":5,"d":"5.0"},{"v":367,"d":"367.0"}]
["Biodigestor","Unidade",1,{"v":1,"d":"1.0"},{"v":1,"d":"1.0"},{"v":1,"d":"1.0"},{"v":1,"d":"1.0"}]
["Casa de Moradia Habitada","Unidade",404,{"v":1,"d":"1.0"},{"v":1.85,"d":"1.9"},{"v":26,"d":"26.0"},{"v":749,"d":"749.0"}]
["Casa de Moradia Total","Unidade",445,{"v":1,"d":"1.0"},{"v":2.49,"d":"2.5"},{"v":30,"d":"30.0"},{"v":1108,"d":"1,108.0"}]
["Curral/Mangueira","Unidade",244,{"v":1,"d":"1.0"},{"v":1.08,"d":"1.1"},{"v":5,"d":"5.0"},{"v":264,"d":"264.0"}]
["Depósito/Tulha","Unidade",207,{"v":1,"d":"1.0"},{"v":1.15,"d":"1.2"},{"v":7,"d":"7.0"},{"v":239,"d":"239.0"}]
["Estábulo","Unidade",161,{"v":1,"d":"1.0"},1.1,{"v":4,"d":"4.0"},{"v":177,"d":"177.0"}]
["Estufa/Plasticultura","m²",7,{"v":70,"d":"70.0"},{"v":1495.71,"d":"1,495.7"},{"v":3500,"d":"3,500.0"},{"v":10470,"d":"10,470.0"}]
["Fábrica de Ração","Unidade",3,{"v":1,"d":"1.0"},{"v":1,"d":"1.0"},{"v":1,"d":"1.0"},{"v":3,"d":"3.0"}]
["Instalações para Equinos","Unidade",27,{"v":1,"d":"1.0"},{"v":8.07,"d":"8.1"},{"v":61,"d":"61.0"},{"v":218,"d":"218.0"}]
["Máquina de Benefício","Unidade",10,{"v":1,"d":"1.0"},1.2,{"v":2,"d":"2.0"},{"v":12,"d":"12.0"}]
["Olaria","Unidade",6,{"v":1,"d":"1.0"},{"v":1,"d":"1.0"},{"v":1,"d":"1.0"},{"v":6,"d":"6.0"}]
["Packing House","Unidade",1,{"v":1,"d":"1.0"},{"v":1,"d":"1.0"},{"v":1,"d":"1.0"},{"v":1,"d":"1.0"}]
["Pocilga","Unidade",95,{"v":1,"d":"1.0"},{"v":1.34,"d":"1.3"},{"v":8,"d":"8.0"},{"v":127,"d":"127.0"}]
["Poço Semi-Artesiano","Unidade",5,{"v":1,"d":"1.0"},1.2,{"v":2,"d":"2.0"},{"v":6,"d":"6.0"}]
["Secador de Grãos","Unidade",7,{"v":1,"d":"1.0"},{"v":1.29,"d":"1.3"},{"v":3,"d":"3.0"},{"v":9,"d":"9.0"}]
["Silo para Grãos","t",7,{"v":1,"d":"1.0"},{"v":318.71,"d":"318.7"},{"v":1200,"d":"1,200.0"},{"v":2231,"d":"2,231.0"}]
["Silo para Silagem","t",52,{"v":1,"d":"1.0"},{"v":351.27,"d":"351.3"},{"v":1500,"d":"1,500.0"},{"v":18266,"d":"18,266.0"}]
["Terreiro","m²",128,{"v":10,"d":"10.0"},805.3,{"v":10000,"d":"10,000.0"},{"v":103079,"d":"103,079.0"}]
["Fonte: Secretaria de Agricultura e Abastecimento, CDRS/IEA, Projeto LUPA."]
[]
["TABELA 625.4 - Outras Estatísticas Agrícolas, Município de Vargem Grande do Sul, Estado de São Paulo, 2007/08."]
["ITEM","Número de UPAs",null,"Percentual"]
["Faz Parte de Associação de Produtores",49,null,{"v":8.581436077057793,"d":"8.6"}]
["Faz Parte de Cooperativa de Produtores",105,null,{"v":18.38879159369527,"d":"18.4"}]
["Faz Parte do Sindicato de Produtores",149,null,{"v":26.09457092819615,"d":"26.1"}]
["Não utiliza assistência técnica ",47,null,{"v":8.231173380035026,"d":"8.2"}]
["Utiliza somente assistência técnica governamental ",339,null,{"v":59.36952714535902,"d":"59.4"}]
["Utiliza somente assistência técnica privada ",4,null,{"v":0.7005253940455342,"d":"0.7"}]
["Utiliza assistência técnica tanto governamental quanto privada",181,null,{"v":31.698774080560415,"d":"31.7"}]
["Utiliza Crédito Rural",48,null,{"v":8.40630472854641,"d":"8.4"}]
["Utiliza Seguro Rural",11,null,{"v":1.926444833625219,"d":"1.9"}]
["Utiliza Escrituração Agrícola",105,null,{"v":18.38879159369527,"d":"18.4"}]
["Acessa Internet p/ Fins na Agropecuária",19,null,{"v":3.327495621716287,"d":"3.3"}]
["Utiliza Computador nas Atividades Agropecuárias",54,null,{"v":9.457092819614711,"d":"9.5"}]
["Utiliza Energia Elétrica Para Uso na Atividade Agrícola",505,null,{"v":88.44133099824867,"d":"88.4"}]
["Realiza Análise de Solo, quando necessário",251,null,{"v":43.95796847635727,"d":"44.0"}]
["Utiliza Práticas de Conservação de Solo, quando necessário",327,null,{"v":57.26795096322241,"d":"57.3"}]
["Faz Adubação Mineral, quando necessário",338,null,{"v":59.19439579684764,"d":"59.2"}]
["Faz Adubação Orgânica, quando necessário",192,null,{"v":33.62521891418564,"d":"33.6"}]
["Faz Adubação Verde, quando necessário",26,null,{"v":4.553415061295972,"d":"4.6"}]
["Utiliza Manejo Integrado de Pragas (MIP)","-",null,"-"]
["Utiliza Hidroponia",1,null,{"v":0.17513134851138354,"d":"0.2"}]
["Utiliza Plasticultura",5,null,{"v":0.8756567425569178,"d":"0.9"}]
["Utiliza Mudas Fiscalizadas",132,null,{"v":23.117338003502624,"d":"23.1"}]
["Utiliza Semente Melhorada",238,null,{"v":41.68126094570928,"d":"41.7"}]
["Faz Confinamento de Bovinos",2,null,{"v":0.3502626970227671,"d":"0.4"}]
["Utiliza Pastejo Intensivo",26,null,{"v":4.553415061295972,"d":"4.6"}]
["Faz Inseminação Artificial",5,null,{"v":0.8756567425569178,"d":"0.9"}]
["Faz Mineralização do Rebanho",336,null,{"v":58.844133099824866,"d":"58.8"}]
["Faz Vermifugação do Rebanho",347,null,{"v":60.770577933450085,"d":"60.8"}]
["Possui Parceiros /Arrendatários na Exploração Animal",101,null,{"v":17.688266199649735,"d":"17.7"}]
["Esporte e lazer",5,null,{"v":0.8756567425569178,"d":"0.9"}]
["Extração mineral",1,null,{"v":0.17513134851138354,"d":"0.2"}]
["Hotel Fazenda, Pousada ou SPA",2,null,{"v":0.3502626970227671,"d":"0.4"}]
["Pesque-pague",1,null,{"v":0.17513134851138354,"d":"0.2"}]
["Restaurante ou Lanchonete",2,null,{"v":0.3502626970227671,"d":"0.4"}]
["Transformação artesanal","-",null,"-"]
["Turismo rural ou ecoturismo","-",null,"-"]
["Outras atividades econômicas rurais","-",null,"-"]
["Agroindústria","-",null,"-"]
["Proprietário sem instrução ou com instrução incompleta",21,null,{"v":3.677758318739054,"d":"3.7"}]
["Proprietário com antigo primário completo",275,null,{"v":48.16112084063047,"d":"48.2"}]
["Proprietário com 1° grau (ou antigo ginasial) completo",40,null,{"v":7.005253940455343,"d":"7.0"}]
["Proprietário com 2° grau (ou antigo colegial) completo",99,null,{"v":17.33800350262697,"d":"17.3"}]
["Proprietário com curso superior completo ",126,null,{"v":22.066549912434326,"d":"22.1"}]
["Pessoa Jurídica",10,null,{"v":1.7513134851138357,"d":"1.8"}]
["Proprietário residente na própria UPA ",114,null,{"v":19.964973730297725,"d":"20.0"}]
["Fonte: Secretaria de Agricultura e Abastecimento, CDRS/IEA, Projeto LUPA."]
[]
["TABELA 625.5 - Área Cultivada, Município de Vargem Grande do Sul, Estado de São Paulo, 2007/08."]
["CULTURA","N.DE UPAs","MÍNIMO","MÉDIO","MÁXIMO","TOTAL"]
["Cana-de-acucar",153,0.3,{"v":49.81,"d":"49.8"},{"v":1437,"d":"1,437.0"},{"v":7621.1,"d":"7,621.1"}]
["Braquiaria",206,0.2,{"v":25.19,"d":"25.2"},{"v":700,"d":"700.0"},{"v":5188.9,"d":"5,188.9"}]
["Milho",131,0.5,{"v":31.31,"d":"31.3"},{"v":720,"d":"720.0"},{"v":4101.3,"d":"4,101.3"}]
["Outras gramineas para pastagem",158,0.2,{"v":16.61,"d":"16.6"},263.8,{"v":2623.7,"d":"2,623.7"}]
["Feijao",20,2.4,{"v":52.27,"d":"52.3"},{"v":360,"d":"360.0"},{"v":1045.4,"d":"1,045.4"}]
["Gramas",78,0.2,{"v":12.75,"d":"12.8"},147.5,994.2]
["Eucalipto",116,0.1,{"v":6.13,"d":"6.1"},140.4,{"v":711,"d":"711.0"}]
["Batata-inglesa (ou batata, ou batatinha)",11,2.4,{"v":63.83,"d":"63.8"},{"v":360,"d":"360.0"},702.1]
["Laranja",16,0.1,{"v":37.06,"d":"37.1"},{"v":190,"d":"190.0"},{"v":593,"d":"593.0"}]
["Cafe",48,0.1,10.4,{"v":100,"d":"100.0"},499.1]
["Capim-gordura",28,0.1,{"v":14.93,"d":"14.9"},65.1,{"v":418,"d":"418.0"}]
["Milho-silagem",27,{"v":1,"d":"1.0"},{"v":6.94,"d":"6.9"},17.6,187.5]
["Capim-napier (ou capim-elefante)",51,0.2,{"v":2.76,"d":"2.8"},25.9,140.8]
["Setaria",11,0.2,{"v":9.14,"d":"9.1"},{"v":31,"d":"31.0"},100.5]
["Coloniao",6,1.7,{"v":11.25,"d":"11.3"},32.2,67.5]
["Seringueira",1,{"v":64,"d":"64.0"},{"v":64,"d":"64.0"},{"v":64,"d":"64.0"},{"v":64,"d":"64.0"}]
["Capim-jaragua",7,1.2,{"v":7.43,"d":"7.4"},{"v":19,"d":"19.0"},{"v":52,"d":"52.0"}]
["Soja",2,{"v":20,"d":"20.0"},{"v":25,"d":"25.0"},{"v":30,"d":"30.0"},{"v":50,"d":"50.0"}]
["Macadamia (ou noz-macadamia)",2,{"v":20,"d":"20.0"},24.5,{"v":29,"d":"29.0"},{"v":49,"d":"49.0"}]
["Limao",3,{"v":1,"d":"1.0"},{"v":11.13,"d":"11.1"},{"v":30,"d":"30.0"},33.4]
["Cebola",4,{"v":2,"d":"2.0"},{"v":4.55,"d":"4.6"},8.4,18.2]
["Pomar domestico",28,0.1,{"v":0.52,"d":"0.5"},2.4,14.5]
["Repolho",8,{"v":1,"d":"1.0"},1.6,2.4,12.8]
["Araucaria (ou pinheiro-do-parana)",1,7.2,7.2,7.2,7.2]
["Alface",4,0.1,{"v":1.68,"d":"1.7"},4.9,6.7]
["Tangerina",2,0.1,{"v":3.05,"d":"3.1"},{"v":6,"d":"6.0"},6.1]
["Jilo",2,{"v":1,"d":"1.0"},2.3,3.6,4.6]
["Outras olericolas",5,0.3,{"v":0.76,"d":"0.8"},1.2,3.8]
["Berinjela",1,3.6,3.6,3.6,3.6]
["Arroz",2,1.2,1.7,2.2,3.4]
["Sorgo",1,{"v":3,"d":"3.0"},{"v":3,"d":"3.0"},{"v":3,"d":"3.0"},{"v":3,"d":"3.0"}]
["Coco-da-baia",1,{"v":3,"d":"3.0"},{"v":3,"d":"3.0"},{"v":3,"d":"3.0"},{"v":3,"d":"3.0"}]
["Jabuticaba",5,0.2,{"v":0.52,"d":"0.5"},1.2,2.6]
["Horta domestica",7,0.1,{"v":0.34,"d":"0.3"},1.2,2.4]
["Tomate envarado",3,0.2,{"v":0.73,"d":"0.7"},{"v":1,"d":"1.0"},2.2]
["Manga",1,{"v":2,"d":"2.0"},{"v":2,"d":"2.0"},{"v":2,"d":"2.0"},{"v":2,"d":"2.0"}]
["Abobora (ou jerimum)",3,0.1,{"v":0.67,"d":"0.7"},1.3,{"v":2,"d":"2.0"}]
["Banana",3,0.1,{"v":0.57,"d":"0.6"},1.3,1.7]
["Pepino",5,0.1,{"v":0.32,"d":"0.3"},0.5,1.6]
["Beterraba",1,{"v":1,"d":"1.0"},{"v":1,"d":"1.0"},{"v":1,"d":"1.0"},{"v":1,"d":"1.0"}]
["Couve-flor",1,{"v":1,"d":"1.0"},{"v":1,"d":"1.0"},{"v":1,"d":"1.0"},{"v":1,"d":"1.0"}]
["Brocolos (ou brocolis)",2,0.3,0.4,0.5,0.8]
["Mandioca",2,0.1,0.2,0.3,0.4]
["Quiabo",1,0.3,0.3,0.3,0.3]
["Figo (ou figo-da-europa)",1,0.3,0.3,0.3,0.3]
["Couve (ou couve-crespa)",2,0.1,{"v":0.15,"d":"0.2"},0.2,0.3]
["Cebolinha",1,0.2,0.2,0.2,0.2]
["Abacate",1,0.1,0.1,0.1,0.1]
["Chuchu",1,0.1,0.1,0.1,0.1]
["Chicoria (ou chicoria-de-folha-crespa)",1,0.1,0.1,0.1,0.1]
["Outras florestais",1,0.1,0.1,0.1,0.1]
["Fonte: Secretaria de Agricultura e Abastecimento, CDRS/IEA, Projeto LUPA."]